000
00319nam a22001337a 4500
008
181101b xxu||||| |||| 00| 0 eng d
020
_a
9780205477715
041
_a
eng
080
_2
9th
_a
316
100
_a
50
101
_a
SOC
245
_a
Social Work Practice A Generalist Approach
_c
Johnson,L.C
942
_2
udc
_c
BK
999
_c
51445
_d
51445